Isang mundong makabata : (Record no. 110499)
[ view plain ]
| 000 -LEADER | |
|---|---|
| fixed length control field | 00364nam a2200121 a 4500 |
| 005 - DATE AND TIME OF LATEST TRANSACTION | |
| control field | 20140414131857.0 |
| 008 - FIXED-LENGTH DATA ELEMENTS--GENERAL INFORMATION | |
| fixed length control field | 100827s19uu xx 00 eng d |
| 050 ## - LIBRARY OF CONGRESS CALL NUMBER | |
| Classification number | FIL |
| Item number | Is1 1999 |
| 100 ## - MAIN ENTRY--PERSONAL NAME | |
| Personal name | Bautista, Feny de los Angeles |
| 245 ## - TITLE STATEMENT | |
| Title | Isang mundong makabata : |
| Remainder of title | "bawat bata ay may karapatan". |
| 260 ## - PUBLICATION, DISTRIBUTION, ETC. (IMPRINT) | |
| Place of publication, distribution, etc | Manila, Philippines : |
| Name of publisher, distributor, etc | UNICEF, |
| Date of publication, distribution, etc | 1999. |
| Withdrawn status | Lost status | Damaged status | Home library | Current library | Shelving location | Date acquired | Total Checkouts | Full call number | Barcode | Date last seen | Price effective from | Koha item type |
|---|---|---|---|---|---|---|---|---|---|---|---|---|
| Munich Library | Munich Library | Filipiniana Section | 08/27/2010 | FIL Is1 1999 | M0917 | 04/14/2014 | 04/14/2014 | Books |